| 000 | 01260nam a2200217Ia 4500 | ||
|---|---|---|---|
| 003 | Ost | ||
| 005 | 20260507075054.0 | ||
| 008 | 260507s9999||||xx |||||||||||||| ||und|| | ||
| 020 | _a9957001604 | ||
| 040 | _cfsecg | ||
| 041 | _aara | ||
| 082 | _a658 | ||
| 100 |
_aالشتواني، صلاح _eمؤلف |
||
| 245 | 0 |
_aالادارة التسويقية الحديثة : _bالمفهوم والإستراتجية / _c صلاح الشتواني |
|
| 260 |
_aالإسكندرية: _bمؤسسة شباب الجامعة, _c2000 |
||
| 300 |
_a464 صفحة؛ _c24 سم |
||
| 504 | _aبيبليوغرافيا :ص.413 | ||
| 520 | _aتجد في هذا الكتاب : المفهوم التسويقي ،الإدارة التسويقية ،بحوث التسويق ،تصمم البحوث ،طرق جمع البيانات ،الهيكل التنظيمي التسويقي ،السوق ،سوق السلع الإستهلاكية ،سوق السلع الصناعية ،تخطيط السلعة،إستقصاء السوق ،المنشأت التسويقية إختيار مسالك التوزيع ، دور الإعلان، إدارة القوة العاملة في البيع ، المسؤولية الإجتماعية | ||
| 653 | _aالتسويق | ||
| 942 | _cكتاب | ||
| 999 |
_c42717 _d42717 |
||